Oasis Wonderwall Lyrics - Statistics

General Stats
  • This quiz has been taken 285 times
  • The average score is 15 of 18
Answer Stats
Hint Answer % Correct
Today is gonna be __ ____ the day
100%
I don't believe that ______ anybody
93%
Feels the way I do, ______ ____ now about you
92%
That they're gonna ____ __ ____ to you throw it back
91%
You're my ___________ wonderwall
85%
And _______ all after
83%
But you never really had a ______ doubt
83%
I'm sure you've ____ __ all before heard it
83%
Because _______ maybe
82%
You're gonna be the one that _____ ___ saves me
82%
That the _____ in your _____ is out fire heart
81%
Would like to ______ __ you say to
79%
____ ______ the word is on the street back beat
78%
But I don't ______ ____ know how
78%
There are ______ _______ that I many things
78%
And all the ____ we have to walk are ________ roads winding
75%
And all the _____ that lead us there are ________ lights blinding
71%
By now, you should've _____ ______ what you gotta do somehow realized
59%
No matching quizzes found
Score Distribution
Percent of People with Each Score
Percentile by Number Answered
Your Score History
You have not taken this quiz